Online
Catalog
Normal view MARC view

Entry Término temático

Number of records used in: 12

001 - NÚMERO DE CONTROL

  • campo de control: 46157

003 - IDENTIFICADOR DEL NÚMERO DE CONTROL

  • campo de control: DO-SdBNP

005 - FECHA Y HORA DE LA ÚLTIMA TRANSACCIÓN

  • campo de control: 20251209121552.0

008 - DATOS DE LONGITUD FIJA

  • campo de control de longitud fija: 200615|| aca||aabn | a|a d

040 ## - FUENTE DE LA CATALOGACIÓN

  • Centro catalogador/agencia de origen: DO-SdBNP
  • Lengua de catalogación: spa
  • Centro/agencia transcriptor: BNPH
  • Normas de descripción: rda

150 ## - ENCABEZAMIENTO--TÉRMINO DE MATERIA

  • Término de materia o nombre geográfico como elemento de entrada: Campaña electoral

450 0# - TRAZADO DE VÉASE--TÉRMINO DE MATERIA

  • Término de materia o nombre geográfico como elemento de entrada: Campaign literature

550 ## - TRAZADO VÉASE ADEMÁS--TÉRMINO DE MATERIA

  • Término de materia o nombre geográfico como elemento de entrada: Tácticas políticas
  • Subcampo de control: g

550 ## - TRAZADO VÉASE ADEMÁS--TÉRMINO DE MATERIA

  • Término de materia o nombre geográfico como elemento de entrada: Discursos de campaña
  • Subcampo de control: h

550 ## - TRAZADO VÉASE ADEMÁS--TÉRMINO DE MATERIA

  • Término de materia o nombre geográfico como elemento de entrada: Consignas políticas
  • Subcampo de control: h

670 ## - FUENTE DE DATOS ENCONTRADOS

  • Cita de la fuente: Work cat.: (OSt)21880: Portes Bautista, Francisco 18706, Herramientas y técnicas de persuación política y campañas electorales /, 1998.

670 ## - FUENTE DE DATOS ENCONTRADOS

  • Identificador Uniforme del Recurso: https://librunam.dgb.unam.mx:8443/F/D6FTDKNGIQKJYRCEAJ9R726HPPYBS9ADY3IR9AHLED1QYEC4NQ-37846?func=full-set-set&set_number=004038&set_entry=000001&format=001 Consultado en 09 de Diciembre, 2025

680 ## - NOTA GENERAL PÚBLICA

  • Texto explicativo: Para la campaña electoral relacionada con las elecciones de los Estados Unidos durante el período 1800-1948, este encabezamiento está autorizado para ser utilizado por fecha y dividido por los nombres de los partidos políticos y por el lugar, por ejemplo,
  • Encabezamiento o término de subdivisión: a Campaña electoral, 1840--Whig--Virginia.
  • Texto explicativo: Para la Campaña electoral de obras de la literatura relacionada con la campaña post-elecciones de 1948 en Estados Unidos o para elecciones en otros países durante todos los períodos, el encabezamiento no puede ser utilizado por fecha y puede dividirse sólo por el lugar.

750 ## - ENTRADA DE ENLACE DE ENCABEZAMIENTO ESTABLECIDO--TÉRMINO DE MATERIA

  • Término de materia o nombre geográfico como elemento de entrada: Campaign literature
  • Número de control del registro de autoridad o número normalizado: sh 85019190

Powered by Koha